| 000 | 00350nam a2200145Ia 4500 | ||
|---|---|---|---|
| 008 | 150201s2011 xx 000 0 und d | ||
| 082 |
_a610.7 _bS11V |
||
| 100 | _aVEERABHADRAPPA, G.M. | ||
| 245 | _aTHE SHORT TB. OF NURSING EDUCATION | ||
| 250 | _a1ST | ||
| 260 |
_bJAYPEE _aDELHI _c2011 |
||
| 300 | _a225 | ||
| 650 | _aNURSING | ||
| 942 |
_2ddc _cBK _033 |
||
| 999 |
_c2403 _d2403 |
||